Gloag and Henderson (Record no. 107857)
[ view plain ]
| 000 -LEADER | |
|---|---|
| fixed length control field | 00403cam a22001695a 4500 |
| 001 - CONTROL NUMBER | |
| control field | E142295 |
| 008 - FIXED-LENGTH DATA ELEMENTS--GENERAL INFORMATION | |
| fixed length control field | 080201s2007 xxk f 000 0 eng d |
| 020 ## - INTERNATIONAL STANDARD BOOK NUMBER | |
| International Standard Book Number | 9780414015913 |
| 035 ## - SYSTEM CONTROL NUMBER | |
| System control number | (Sirsi) u142295 |
| 041 0# - LANGUAGE CODE | |
| Language code of text/sound track or separate title | eng |
| 245 00 - TITLE STATEMENT | |
| Title | Gloag and Henderson |
| Remainder of title | The law of Scotland |
| 250 ## - EDITION STATEMENT | |
| Edition statement | 12th ed. |
| 260 ## - PUBLICATION, DISTRIBUTION, ETC. | |
| Name of publisher, distributor, etc. | Thomson W. Green |
| Date of publication, distribution, etc. | 2007 |
| 350 ## - PRICE (NR) (BK AM CF MU VM SE) [OBSOLETE] | |
| Price | 185 |
| 651 #4 - SUBJECT ADDED ENTRY--GEOGRAPHIC NAME | |
| Geographic name | Scotland |
| Chronological subdivision | 1999- |
| 942 ## - ADDED ENTRY ELEMENTS (KOHA) | |
| Suppress in OPAC | 0 |
No items available.